Music Quiz

Random Music or Lyrics Quiz
Score 0/10 Timer 10:00
0 Plays Today
Lyric Song % Correct
We're goin' down, down, in an earlier round, and sugar, we're going down swinging, I'll be your number one with a bullet, a loaded god complex, cock it and pull itSugar We're Goin' Down, What A Catch, Donnie
86.8%
Dance, dance, we're falling apart to half time, dance, dance, and these are the lives you'd love to lead, dance, this is the way they'd love if they knew how misery loved meDance, Dance, What A Catch, Donnie
86.3%
This ain't a scene, it's a g-----n arms raceThis Ain't A Scene, It's An Arms Race, What A Catch, Donnie
84.2%
Where is your boy tonight, I hope he is a gentleman, maybe he won't find out what I know, you were the last good thing about this part of townGrand Theft Autumn/Where Is Your Boy, What A Catch, Donnie
82.7%
One night and one more time, thanks for the memories even though they weren't so great, he tastes like you, only sweeterThnks fr th Mmrs, What A Catch, Donnie
81.9%
I will never end up like him, behind my back I already am, keep a calendar, this way you will always knowHeadfirst Slide Into Cooperstown On A Bad Bet, What A Catch, Donnie
78.4%
Growing up, growing upGrowing Up, What A Catch, Donnie
70.8%
Until your breathing stops foreverChicago Is So Two Years Ago, Save Rock And Roll
67.8%
Going down swingingSugar We're Goin' Down, Save Rock And Roll
66.1%
I'll check in tomorrow if I don't wake up deadAlone Together, Rat a Tat
62%
Remove Ads.
Support Sporcle.
Get the best of Sporcle when you Go Orange. This ad-free experience offers more features, more stats, and more fun while also helping to support Sporcle. Thank you for becoming a member.

You're not logged in!

Compare scores with friends on all Sporcle quizzes.
OR
Log In

Show Comments

Extras

Top Quizzes Today


Score Distribution

Your Account Isn't Verified!

In order to create a playlist on Sporcle, you need to verify the email address you used during registration. Go to your Sporcle Settings to finish the process.

Report this User

Report this user for behavior that violates our Community Guidelines.

Details: